000 00439nam a2200181Ia 4500
001 18866
005 20260306171702.0
008 260306s9999||||xx |||||||||||||| ||und||
041 _aESP
082 _a658.503
_bL583
100 _aLuengo Mesa, Alfredo
_eAUT
245 0 _aUna síntesis de política de producto
260 _c2011
300 _a133 páginas :
_c29 cm.
650 _aGEN
654 _aCAN
942 _cLIB
_dJUS
_fJUS
_2ddc
_n
999 _c18866
_d18866